Estudio y comprensión de la naturaleza 6

Guardat en:
Dades bibliogràfiques
Autors principals: Castillo Antezana, Cristina (Autor), Andraca Oyarzún, Silvia de (Autor), Zan Guerrero, Catalina (Autor)
Format: Llibre
Idioma:espanyol
Publicat: Santiago Arrayán 2001
Edició:3a. ed
Matèries:
Etiquetes: Afegir etiqueta
Sense etiquetes, Sigues el primer a etiquetar aquest registre!

MARC

LEADER 00000nam a2200000 a 4500
001 UCL1944
003 CL-VaPUC
008 030926e20010000CL |||||||||||||||||spa|d
020 |a 9562402851 
082 0 4 |a 372.357  |b CAS  |2 21 
100 0 |a Castillo Antezana, Cristina  |e author  |9 478944 
700 0 |a Andraca Oyarzún, Silvia de  |e author  |9 478945 
700 0 |a Zan Guerrero, Catalina  |e author  |9 478946 
245 1 0 |a Estudio y comprensión de la naturaleza 6 
250 |a 3a. ed 
300 |a 209 p 
942 |c BK 
945 |d 20030926 00:00:00  |a cmena 
260 |a Santiago  |b Arrayán  |c 2001 
650 0 |a Educación científica   |9 307484 
650 0 |a Medio ambiente  |9 257625 
650 0 |a Educación básica   |9 224933 
650 0 |a Libros de texto  |9 270019 
650 0 |a Métodos de enseñanza  |9 270413 
583 |a last modification  |c 20150417 16:47:31  |k Rodrigo Vera 
999 |c 305377  |d 305375 
952 |0 0  |1 0  |4 0  |6 372_357000000000000_CAS_2001  |7 0  |8 P  |9 369042  |a BIBEDU  |b BIBEDU  |d 2019-11-21  |i 3947076  |o 372.357 CAS 2001  |p 3947076  |r 2019-11-21  |w 2019-11-21  |y BK  |k EBA 
952 |0 0  |1 0  |4 0  |6 372_357000000000000_CAS_2001  |7 0  |8 P  |9 369043  |a BIBEDU  |b BIBEDU  |d 2019-11-21  |i 3947084  |o 372.357 CAS 2001  |p 3947084  |r 2019-11-21  |w 2019-11-21  |y BK  |k EBA 
952 |0 0  |1 0  |4 0  |6 372_357000000000000_CAS_2001  |7 0  |8 P  |9 369045  |a BIBEDU  |b BIBEDU  |c BIBEDU_PB  |d 2019-11-21  |i 3947130  |o 372.357 CAS 2001  |p 3947130  |r 2024-01-25  |w 2019-11-21  |y BK  |k EBA 
952 |0 0  |1 0  |4 0  |6 372_357000000000000_CAS_2001  |7 0  |8 P  |9 369046  |a BIBEDU  |b BIBEDU  |c BIBEDU_PB  |d 2019-11-21  |i 3947149  |o 372.357 CAS 2001  |p 3947149  |r 2024-01-25  |w 2019-11-21  |y BK  |k EBA